| 000 | 00599cam a2200229 4500 | ||
|---|---|---|---|
| 008 | 090401t1989 xxu||||| |||| 00| 0 eng d | ||
| 020 | _a011242872X | ||
| 035 | _a(Sirsi) u63321 | ||
| 041 | _aeng | ||
| 050 | _a630.0212 | ||
| 110 |
_aMinistry of Agriculture _91876 |
||
| 245 | _aFarm incomes in the United Kingdom 1989 edition | ||
| 260 |
_aLondon _bHMSO _c1989 |
||
| 300 | _av,121p. ; 30cm. | ||
| 350 | _a15.25 | ||
| 520 | _aBased on the Farm Business Survey . | ||
| 650 | _aFARMING | ||
| 650 | _aSTATISTICS | ||
| 710 |
_aFisheries and Food _91879 |
||
| 942 | _n0 | ||
| 948 | _c04/03/1997 | ||
| 999 |
_c94531 _d94531 |
||